[Event "Europe Echecs online op April"]
[Site "Europe Echecs INT"]
[Date "2020.04.11"]
[Round "8"]
[White "Buksa, Nataliya"]
[Black "Todorov, Ilian"]
[Result "0-1"]
[WhiteElo "2416"]
[BlackElo "2019"]
[PlyCount "126"]
[EventDate "2020.04.11"]
[EventType "swiss (blitz)"]
[EventRounds "11"]
[EventCountry "FRA"]
[SourceTitle "EXT 2021"]
[Source "ChessBase"]
[SourceDate "2020.10.23"]
[SourceVersion "1"]
[SourceVersionDate "2020.10.23"]
[SourceQuality "1"]

1. e4 e5 2. Nf3 Nc6 3. Bc4 Nf6 4. d3 h6 5. Nc3 Bb4 6. Bd2 d6 7. Nd5 Bxd2+ 8. Qxd2 Nxd5 9. Bxd5 Be6 10. Bb3 0-0 11. 0-0 Qe7 12. h3 Kh8 13. Nh2 f5 14. Bxe6 Qxe6 15. exf5 Rxf5 16. Ng4 Raf8 17. a3 Rf4 18. Rae1 Rxg4 19. hxg4 Qxg4 20. f3 Qg6 21. c3 Qf6 22. b4 a6 23. a4 d5 24. b5 axb5 25. axb5 Ne7 26. Qe3 Ng6 27. Qc5 c6 28. bxc6 bxc6 29. Rb1 Nf4 30. d4 exd4 31. cxd4 Ne2+ 32. Kf2 Nxd4 33. Rfd1 Nf5 34. Rb4 Re8 35. Rg4 Ne3 36. Rgd4 Nxd1+ 37. Rxd1 Qh4+ 38. Kg1 Qf6 39. Kf2 Qe6 40. Kg3 Qe5+ 41. Kh3 Re6 42. Qf8+ Kh7 43. Rb1 Rf6 44. Qc8 Qf5+ 45. Qxf5+ Rxf5 46. Rc1 Rf6 47. Kg4 d4 48. f4 d3 49. Kf3 d2 50. Rd1 Rd6 51. Ke4 c5 52. Ke5 Rd8 53. Ke4 c4 54. Ke3 c3 55. f5 c2 56. Rxd2 c1Q 57. Kf3 Qxd2 58. f6 gxf6 59. Kg4 Qd4+ 60. Kh3 Qe3+ 61. g3 Rd3 62. Kh4 Qxg3+ 63. Kh5 Qg5# 0-1

[Event "Europe Echecs online op April"]
[Site "Europe Echecs INT"]
[Date "2020.04.11"]
[Round "4"]
[White "Dornbusch, Tatiana"]
[Black "Todorov, Ilian"]
[Result "1-0"]
[WhiteElo "2269"]
[BlackElo "2019"]
[PlyCount "87"]
[EventDate "2020.04.11"]
[EventType "swiss (blitz)"]
[EventRounds "11"]
[EventCountry "FRA"]
[SourceTitle "EXT 2021"]
[Source "ChessBase"]
[SourceDate "2020.10.23"]
[SourceVersion "1"]
[SourceVersionDate "2020.10.23"]
[SourceQuality "1"]

1. d4 Nf6 2. Nf3 g6 3. g3 Bg7 4. Bg2 0-0 5. 0-0 d6 6. c4 Bf5 7. Nc3 c6 8. Re1 Qc7 9. e4 Bg4 10. h3 Bxf3 11. Bxf3 e5 12. Be3 Re8 13. Bg2 Nbd7 14. d5 cxd5 15. cxd5 a6 16. Rc1 Rac8 17. Nb5 Qb8 18. Rxc8 Rxc8 19. Ba7 Qa8 20. Nxd6 Rd8 21. Be3 Bf8 22. Nc4 b5 23. Nb6 Qb7 24. Nxd7 Nxd7 25. Qd2 Nb6 26. Qa5 Rc8 27. Qxb6 Qxb6 28. Bxb6 Rc2 29. Rb1 Bd6 30. Be3 f5 31. Kf1 f4 32. gxf4 exf4 33. Bd4 Rd2 34. Bc3 Rc2 35. e5 Bc5 36. Be1 Bd4 37. d6 Bxe5 38. d7 Bf6 39. Rd1 Bd8 40. Rd2 Rc1 41. Re2 Ba5 42. Re8+ Kf7 43. d8Q Bxd8 44. Rxd8 1-0

[Event "Europe Echecs online op April"]
[Site "Europe Echecs INT"]
[Date "2020.04.11"]
[Round "9"]
[White "Milliet, Sophie"]
[Black "Todorov, Ilian"]
[Result "1/2-1/2"]
[WhiteElo "2389"]
[BlackElo "2019"]
[PlyCount "115"]
[EventDate "2020.04.11"]
[EventType "swiss (blitz)"]
[EventRounds "11"]
[EventCountry "FRA"]
[SourceTitle "EXT 2021"]
[Source "ChessBase"]
[SourceDate "2020.10.23"]
[SourceVersion "1"]
[SourceVersionDate "2020.10.23"]
[SourceQuality "1"]

1. e4 e5 2. Nf3 Nc6 3. Bb5 Nf6 4. 0-0 Nxe4 5. Re1 Nd6 6. Nxe5 Nxe5 7. Rxe5+ Be7 8. Bf1 0-0 9. d4 Bf6 10. Re1 Nf5 11. c3 d5 12. Bf4 c6 13. Bd3 Nd6 14. Nd2 Re8 15. Qf3 Be6 16. Nf1 Nf5 17. g3 Ne7 18. Ne3 Ng6 19. Ng2 Bg5 20. Bxg6 hxg6 21. Bxg5 Qxg5 22. Re5 Qf6 23. Qe3 Bd7 24. Re1 Rxe5 25. dxe5 Qf5 26. Nf4 Be6 27. Nd3 b6 28. f4 c5 29. Nf2 Rd8 30. g4 Qc2 31. Re2 Qb1+ 32. Kg2 d4 33. cxd4 cxd4 34. Qd3 Qxd3 35. Nxd3 Bxg4 36. Rd2 Bf5 37. Nb4 a5 38. Nc2 Bxc2 39. Rxc2 d3 40. Rd2 Kf8 41. Kf3 Ke7 42. Ke3 Ke6 43. Rxd3 Rxd3+ 44. Kxd3 g5 45. fxg5 Kxe5 46. Kc4 Kd6 47. Kb5 Kc7 48. h4 g6 49. a3 Kb7 50. b4 axb4 51. axb4 Kc7 52. Kc4 Kc6 53. b5+ Kd6 54. Kd4 Ke6 55. Ke4 Kd6 56. Kd4 Ke6 57. Ke4 Kd6 58. Kd4 1/2-1/2

[Event "Europe Echecs online op April"]
[Site "Europe Echecs INT"]
[Date "2020.04.11"]
[Round "6"]
[White "Navrotescu, Andreea Cristiana"]
[Black "Todorov, Ilian"]
[Result "0-1"]
[WhiteElo "2248"]
[BlackElo "2019"]
[PlyCount "134"]
[EventDate "2020.04.11"]
[EventType "swiss (blitz)"]
[EventRounds "11"]
[EventCountry "FRA"]
[SourceTitle "EXT 2021"]
[Source "ChessBase"]
[SourceDate "2020.10.23"]
[SourceVersion "1"]
[SourceVersionDate "2020.10.23"]
[SourceQuality "1"]

1. d4 d5 2. c4 e5 3. dxe5 d4 4. Nf3 Nc6 5. a3 a5 6. e3 Bc5 7. exd4 Nxd4 8. Nc3 Ne7 9. Nxd4 Bxd4 10. Bf4 Be6 11. Be2 Ng6 12. Bg3 Bxe5 13. 0-0 0-0 14. Bf3 c6 15. Qe2 Bxg3 16. hxg3 Qd4 17. Rfd1 Qxc4 18. Qxc4 Bxc4 19. Rd7 Rab8 20. Na4 Ne5 21. Re7 Nxf3+ 22. gxf3 Rfe8 23. Rae1 Kf8 24. Rxe8+ Rxe8 25. Rd1 Ke7 26. Nc5 Be6 27. Nxb7 Rb8 28. Nxa5 Rxb2 29. Nxc6+ Kf6 30. Rd4 Rb3 31. Rf4+ Kg6 32. Ne5+ Kg5 33. Nxf7+ Bxf7 34. Rxf7 Kg6 35. Ra7 Rxf3 36. a4 Ra3 37. a5 h5 38. Kf1 Kh6 39. Ra6+ Kg5 40. Kg2 g6 41. Kf1 Kf5 42. Ke2 g5 43. Ra8 h4 44. gxh4 gxh4 45. Rh8 Kg4 46. Rg8+ Kf4 47. Rf8+ Kg4 48. f3+ Kg3 49. Rg8+ Kh2 50. Rg5 h3 51. f4 Kh1 52. Kf2 Ra2+ 53. Kg3 h2 54. Kh3 Ra3+ 55. Kh4 Ra2 56. Kh3 Ra3+ 57. Kh4 Ra1 58. Kh3 Rg1 59. a6 Rxg5 60. fxg5 Kg1 61. a7 h1Q+ 62. Kg4 Qa8 63. Kf5 Qxa7 64. Kf6 Qb8 65. g6 Qg8 66. Kg5 Kg2 67. Kf6 Kg3 0-1

[Event "Europe Echecs online op April"]
[Site "Europe Echecs INT"]
[Date "2020.04.11"]
[Round "7"]
[White "Todorov, Ilian"]
[Black "Leiva Rodriguez, Jeammarco Giuseppe"]
[Result "0-1"]
[WhiteElo "2019"]
[BlackElo "2391"]
[PlyCount "124"]
[EventDate "2020.04.11"]
[EventType "swiss (blitz)"]
[EventRounds "11"]
[EventCountry "FRA"]
[SourceTitle "EXT 2021"]
[Source "ChessBase"]
[SourceDate "2020.10.23"]
[SourceVersion "1"]
[SourceVersionDate "2020.10.23"]
[SourceQuality "1"]

1. e4 c6 2. d4 d5 3. Bd3 dxe4 4. Bxe4 Nf6 5. Bf3 Bf5 6. Ne2 e6 7. 0-0 Nbd7 8. c4 Be7 9. Nbc3 0-0 10. Ng3 Bg6 11. Bg5 h6 12. Bf4 Bh7 13. a3 Re8 14. b4 Nb6 15. Qb3 Bd3 16. Be2 Qxd4 17. Bxd3 Qxd3 18. c5 Nbd5 19. Be5 Nxc3 20. Qxc3 Qxc3 21. Bxc3 a5 22. Rab1 Nd5 23. Bd2 axb4 24. axb4 Ra2 25. Rfd1 f5 26. Nf1 Bg5 27. Bxg5 hxg5 28. b5 Nc3 29. Ra1 Rxa1 30. Rxa1 Nxb5 31. Ne3 Nd4 32. Rb1 Re7 33. h3 Kf7 34. Nc4 Nb5 35. g3 e5 36. Rd1 Ke6 37. Rd8 e4 38. Kf1 Rd7 39. Re8+ Kf7 40. Rb8 Re7 41. Na5 Nd4 42. Nxb7 f4 43. Nd8+ Kg6 44. gxf4 gxf4 45. Rc8 e3 46. fxe3 fxe3 47. Nxc6 e2+ 48. Ke1 Nc2+ 49. Kd2 e1Q+ 50. Kxc2 Re2+ 51. Kd3 Qd1+ 52. Kc4 Re4+ 53. Kb5 Qb3+ 54. Ka6 Ra4+ 55. Na5 Qe6+ 56. Kb5 Rxa5+ 57. Kxa5 Qxc8 58. Kb6 Kf5 59. c6 Ke5 60. c7 Kd6 61. Kb5 Qxc7 62. Kb4 Kd5 0-1

[Event "BUL-chT"]
[Site "Varna"]
[Date "1995.??.??"]
[Round "4"]
[White "Karapchanski, Dimitar Z"]
[Black "Todorov, Ilian"]
[Result "1/2-1/2"]
[WhiteElo "2340"]
[BlackElo "2345"]
[PlyCount "82"]
[EventDate "1995.??.??"]
[EventType "team-tourn"]
[EventRounds "7"]
[EventCountry "BUL"]
[SourceTitle "EXT 2002"]
[Source "ChessBase"]
[SourceDate "2001.11.25"]
[SourceVersion "1"]
[SourceVersionDate "2001.11.25"]
[SourceQuality "1"]

1. c4 Nf6 2. Nc3 g6 3. g3 Bg7 4. Bg2 0-0 5. Rb1 c6 6. e4 d6 7. Nge2 Nbd7 8. 0-0 a6 9. a4 a5 10. h3 e5 11. d3 Ne8 12. Be3 Qe7 13. g4 Nc7 14. Ng3 Ne6 15. Nce2 Ndc5 16. b3 Ra6 17. d4 exd4 18. Nxd4 Bxd4 19. Bxd4 Nxd4 20. Qxd4 Rb6 21. Qe3 Re8 22. Qc3 Qe5 23. Qc2 Ne6 24. Rfd1 Nf4 25. Bf1 Be6 26. Qd2 Rd8 27. Qd4 Qxd4 28. Rxd4 c5 29. Rd2 Rd7 30. f3 Kg7 31. Kf2 Kf6 32. Ke3 Ke5 33. Rdb2 Rc7 34. h4 f6 35. g5 f5 36. Ne2 Nxe2 37. Bxe2 f4+ 38. Kd3 h6 39. Rg1 Rh7 40. Bf1 hxg5 41. Rxg5+ Kf6 1/2-1/2

[Event "BUL-chT"]
[Site "Varna"]
[Date "1995.??.??"]
[Round "5"]
[White "Todorov, Ilian"]
[Black "Antonov, Vladimir"]
[Result "0-1"]
[WhiteElo "2345"]
[BlackElo "2385"]
[PlyCount "120"]
[EventDate "1995.??.??"]
[EventType "team-tourn"]
[EventRounds "7"]
[EventCountry "BUL"]
[SourceTitle "EXT 2002"]
[Source "ChessBase"]
[SourceDate "2001.11.25"]
[SourceVersion "1"]
[SourceVersionDate "2001.11.25"]
[SourceQuality "1"]

1. e4 e5 2. Nf3 Nc6 3. Bb5 a6 4. Ba4 Nf6 5. 0-0 Be7 6. Re1 b5 7. Bb3 d6 8. h3 0-0 9. c3 Na5 10. Bc2 c5 11. d4 Qc7 12. Nbd2 Nc6 13. d5 Nd8 14. a4 Rb8 15. Nf1 Ne8 16. Ng3 g6 17. Nh2 f6 18. b3 Ng7 19. f4 exf4 20. Bxf4 Nf7 21. Nf3 Bd7 22. axb5 axb5 23. Bd3 Ne5 24. Bf1 b4 25. c4 Nf7 26. Re2 Ra8 27. Rea2 Qb7 28. Bd3 Rfb8 29. Qb1 Bf8 30. Bc1 Ne8 31. h4 Ne5 32. h5 Rxa2 33. Rxa2 Ra8 34. Nxe5 fxe5 35. hxg6 hxg6 36. Rf2 Bc8 37. Bg5 Ra3 38. Qd1 Qg7 39. Bc2 Be7 40. Bxe7 Qxe7 41. Qf3 Kg7 42. Nf1 Ra1 43. Qg3 Nf6 44. Qg5 Nxd5 45. Qd2 Nf4 46. Bd1 Kh7 47. Ne3 Bb7 48. Qb2 Ra8 49. Qb1 Qg5 50. Kf1 Kg7 51. Bf3 Rh8 52. Ke1 Ne6 53. Nf1 Ra8 54. Ra2 Rxa2 55. Qxa2 Bxe4 56. Qa7+ Kf6 57. Qd7 Bxf3 58. gxf3 Qh4+ 59. Kd1 Qh1 60. Ke1 Qxf3 0-1

[Event "Bankia tt"]
[Site "Bankia"]
[Date "1992.??.??"]
[Round "4"]
[White "Todorov, Ilian"]
[Black "Panbukchian, Valentin"]
[Result "0-1"]
[WhiteElo "2345"]
[BlackElo "2340"]
[PlyCount "56"]
[EventDate "1992.??.??"]
[EventType "team-tourn"]
[EventRounds "7"]
[EventCountry "BUL"]
[SourceTitle "EXT 1997"]
[Source "ChessBase"]
[SourceDate "1996.11.15"]
[SourceVersion "1"]
[SourceVersionDate "1996.11.15"]
[SourceQuality "1"]

1. d4 f5 2. g3 Nf6 3. Bg2 g6 4. Nf3 Bg7 5. 0-0 0-0 6. c4 d6 7. Nc3 c6 8. d5 e5 9. dxe6 Bxe6 10. b3 Na6 11. Nd4 Bf7 12. Bb2 Qe7 13. Qc2 Rfe8 14. Rad1 Rad8 15. Ba3 Qc7 16. Bxd6 Rxd6 17. Ndb5 cxb5 18. Nxb5 Rxd1 19. Nxc7 Rxf1+ 20. Kxf1 Nxc7 21. Bxb7 Rd8 22. Qc1 Ne4 23. Bxe4 fxe4 24. Qf4 Ne8 25. Qxe4 Nf6 26. Qb7 Rd7 27. Qc8+ Bf8 28. f3 Kg7 0-1